| 000 | 00586nam a2200193 a 4500 | ||
|---|---|---|---|
| 001 | 3291 | ||
| 003 | CDMR | ||
| 005 | 20131211154338.0 | ||
| 008 | 130130s1988||||sp |||||||||||||||||spa|d | ||
| 020 | _a8434579588 | ||
| 040 |
_aCDMR _bcat _cCPC GIRONA |
||
| 100 | 1 |
_aCebrián, Juan Luís _91683 |
|
| 245 | 1 | 2 |
_a¿ Qué pasa en el mundo ? _b: los medios de información de masas _cJuan Luis Cebrián |
| 260 |
_c1988 _bAula Abierta Salvat _aBarcelona |
||
| 300 |
_a64 p. _bil. col. |
||
| 490 | 0 |
_aSalvat TC. Temas Clave _v55 |
|
| 650 | 0 | 4 |
_9405 _aMitjans de comunicació de massa |
| 942 |
_cMON _2udc |
||
| 999 |
_c3291 _d3291 |
||